000 00420nam a22001697a 4500
003 NUST - PNEC
005 20170116181119.0
008 151004b xxu||||| |||| 00| 0 eng d
020 _a007Y850127
040 _cLIBRARY
082 _a658.5 ALL
100 _913435
_aAllen, L. A.
245 _aManagement and organization
_cLouis A. Allen
260 _cc.1958
650 _913436
_aManagement
_xMIS
942 _2ddc
_cBK
999 _c69516
_d69516